01091nam a2200241 i 4500003000900000005001700009007000300026008004100029040003000070041000800100082001900108245008400127246001800211264005300229300002800282336002700310337003300337338002800370500030000398505000600698650010300704651004200807DO-SdBNP20250424095349.0ta220623e2004 dr ||||frlg|| 001 0 spa d aDO-SdBNPbspacBNPHUerda hspa 4axxxbS562i22210aSistema de implementación del nuevo proceso penal creado por la Ley No. 76-0210aLey No. 76-02 aSanto Domoimgo :bEditora no identificada,c2004 a65 páginas. ;c20 cm. ardacontentbtexto2txt ardamediabsin mediación2n ardacarrierbvolumen2nc aResolución No. 1920-2003, de la Suprema Corte de Justicia. Resolución No. 14789-2003, de la Procuraduría General de la República. Ley No. 278-04, sobre la implementación del proceso penal. Resolución No. 782-2004 incorporación de los abogados de oficio. Resolución No. 14786-20030 t. 4aRepública DominicanosxLey 76-02 que crea el Sistema de Implementación del Nuevo Proceso Penal 4aRepública DominicanaxLey No. 76-02